[Event "Challenge"]
[Site "http://www.queenalice.com/game.php?id=951530"]
[Date "2011.6.19"]
[Round "-"]
[White "anamchara"]
[Black "Severynnas"]
[Result "1-0"]
[WhiteElo "1635"]
[BlackElo "1244"]

1. e4 e6 2. d4 Bb4+ 3. c3 Bd6 4. e5 Be7 5. f4 d6 6. Nf3 c6 7. Bd3 dxe5 8. fxe5
Bh4+ 9. g3 Be7 10. a3 Nd7 11. Be3 b5 12. Ke2 Nh6 13. Bxh6 gxh6 14. Qf1 O-O 15.
Qh3 Bg5 16. Qg4 Qa5 17. Nxg5 f6 18. Nxe6+ Kf7 19. Bf5 Re8 20. Qg7# 1-0

[Event "Challenge"]
[Site "http://www.queenalice.com/game.php?id=951644"]
[Date "2011.6.19"]
[Round "-"]
[White "anamchara"]
[Black "sylviamm"]
[Result "1-0"]
[WhiteElo "1635"]
[BlackElo "1041"]

1. e4 e5 2. Nf3 Nc6 3. d4 Nf6 4. Bg5 h6 5. Bxf6 Qxf6 6. Qd3 Nb4 7. Qd2 Qc6 8. c3
Na6 9. Bxa6 bxa6 10. Qd3 Qg6 11. Nh4 Qg5 12. g3 Qc1+ 13. Qd1 Qxb2 14. Nd2 Ba3
15. Nc4 Qxc3+ 16. Nd2 Bb2 17. O-O Bxa1 18. Qxa1 Qxd2 19. dxe5 Qg5 20. f4 Qe7 21.
Qc3 O-O 22. Nf5 Qd8 23. e6 dxe6 24. Qxg7# 1-0

[Event "Return Match"]
[Site "http://www.queenalice.com/game.php?id=952012"]
[Date "2011.6.20"]
[Round "-"]
[White "jbugg"]
[Black "anamchara"]
[Result "0-1"]
[WhiteElo "1316"]
[BlackElo "1500"]

1. e4 e5 2. Nf3 d6 3. Nc3 Nf6 4. Bc4 Bg4 5. h3 Bxf3 6. Qxf3 Nbd7 7. Nd5 Nxd5 8.
Bxd5 Nf6 9. Bxb7 Rb8 10. Bc6+ Nd7 11. Bd5 Qf6 12. Qb3 Rxb3 13. cxb3 Be7 14. O-O
Nc5 15. Bc4 Nxe4 16. Bb5+ Kf8 17. f3 Ng3 18. Rf2 d5 19. d3 Bc5 20. Kh2 Bxf2 21.
Bd2 Qb6 22. Rc1 Qxb5 23. Rxc7 g6 24. Bh6+ Ke8 25. Rc8+ Ke7 26. Rxh8 Nf1+ 27. Kh1
Kd7 28. Rxh7 Ke6 29. g4 Qxd3 30. Kg2 Qe2 31. Rh8 Bg3+ 32. Kg1 Qf2+ 33. Kh1 Qh2#
0-1

[Event "Challenge"]
[Site "http://www.queenalice.com/game.php?id=952902"]
[Date "2011.6.22"]
[Round "-"]
[White "anamchara"]
[Black "shanforchess"]
[Result "1-0"]
[WhiteElo "1608"]
[BlackElo "1289"]

1. e4 e5 2. Nf3 Nc6 3. d4 d5 4. Nc3 Bb4 5. Bd3 dxe4 6. Bxe4 Bxc3+ 7. bxc3 exd4
8. cxd4 Bg4 9. O-O Nf6 10. Bxc6+ Nd7 11. Re1+ Be6 12. Bxb7 O-O 13. Bxa8 f6 14.
Rxe6 Qxa8 15. Ba3 Re8 16. Qe1 Nf8 17. Rxe8 Qd5 18. Rxf8# 1-0

[Event "AUTO-INT-2074"]
[Site "http://www.queenalice.com/game.php?id=956131"]
[Date "2011.7.2"]
[Round "1"]
[White "anamchara"]
[Black "xyzzyx"]
[Result "0-1"]
[WhiteElo "1408"]
[BlackElo "1460"]

1. e4 e6 2. d4 d5 3. e5 c5 4. Bb5+ Bd7 5. Bxd7+ Nxd7 6. Nf3 Qb6 7. c3 Ne7 8. O-O
Nf5 9. Re1 cxd4 10. cxd4 Bb4 11. Bd2 Bxd2 12. Qxd2 O-O 13. Nc3 Rfc8 14. Rac1 Rc6
15. a3 Rac8 16. b4 Rc4 17. Qb2 Nxd4 18. Na4 Nxf3+ 19. gxf3 Rxc1 20. Rxc1 Rxc1+
21. Qxc1 Qc6 22. Nc5 b6 23. Nb3 Qxc1+ 24. Nxc1 Nxe5 0-1

[Event "AUTO-INT-2074"]
[Site "http://www.queenalice.com/game.php?id=956132"]
[Date "2011.7.2"]
[Round "1"]
[White "xyzzyx"]
[Black "anamchara"]
[Result "1-0"]
[WhiteElo "1478"]
[BlackElo "1379"]

1. c4 d5 2. cxd5 Qxd5 3. Nc3 Qd8 4. g3 e6 5. Bg2 c6 6. e3 Bb4 7. Nge2 Bxc3 8.
bxc3 Nf6 9. Ba3 Qa5 10. Qb3 c5 11. Bxb7 Bxb7 12. Qxb7 Qxa3 13. Qxa8 Ke7 14. Qb7+
Nfd7 15. O-O Qa6 16. Qxa6 Nxa6 17. Rfb1 Rb8 18. Rxb8 Ndxb8 19. Rb1 Nc6 20. d4 c4
21. Nc1 g6 22. a3 Kf8 23. Na2 Kg7 24. Nb4 1-0

[Event "AC Challenge"]
[Site "http://www.queenalice.com/game.php?id=956370"]
[Date "2011.7.3"]
[Round "-"]
[White "anamchara"]
[Black "oldfool"]
[Result "0-1"]
[WhiteElo "1356"]
[BlackElo "1544"]

1. e4 e5 2. Nf3 d5 3. d3 Bg4 4. h3 Bxf3 5. Qxf3 Bc5 6. Be3 d4 7. Bd2 Nf6 8. Na3
a6 9. b4 Bb6 10. Be2 O-O 11. O-O h6 12. Rab1 Qd6 13. c3 Nc6 14. Bd1 dxc3 15.
Bxc3 Nd4 16. Bxd4 Bxd4 17. Nc4 Qd8 18. Ne3 Bc3 19. Nd5 b5 20. Nxc3 Qd7 21. Nd5
a5 0-1